000 00451nam a2200193Ia 4500
005 20240823045528.0
008 240823s9999||||xx |||||||||||||| ||und||
020 _a81-7656-081-2
041 _aENGLISH
082 _A620.0042 N9
100 _aRobert Callori B
245 0 _aAuto CAD 2000
250 _a1st
260 _c1999
_bB P B New D
500 _aTRANSFERED
650 _aAuto Cad
_bSoftware Engineering
942 _cBK
999 _c215168
_d215168